00965cam a2200265 a 450000100100000000500170001000800410002702000250006802000230009304000230011608200230013910000350016224500760019725000110027326000330028430000280031749000200034565000300036560000650039570000370046083000270049791000340052495201260055899900150068400000778020200929154310.0910128s1989 mx a 001 0 spa  a9686050043 (rustica) a9686050051 (pasta) aDO-SdBNPcDLCdDLC aM860.4bZ57a, 19891 aZepeda, Eraclio,d1937-92148310aAndando el tiempo /cEraclio Zepeda ; ilustraciones, Antonio Martorell. a3a ed. aMéxico :bLa Letra,c1989. a131 p. :bil. ;c22 cm.1 aLos que Cuentan 4aLiteratura mexicana9192214aZEPEDA, ERACLIO,d1937-xCRÍTICA E INTERPRETACIÓN9214841 aMartorrell, Antonio,eil.921485 4aLos que Cuentan921486 aCatalogación por copia / LC 001052708MOaGRbGRcCTd2009-09-10iLF1l0oM860.4 Z57a, 1989p7780-10r2020-06-25w2020-06-25y2ZPréstamo interno c7558d7558